<?xml version="1.0" encoding="UTF-8"?>
<collection xmlns="http://www.loc.gov/MARC21/slim">
 <record>
  <leader>01312nam a2200205Ia 4500</leader>
  <controlfield tag="001">TDMU_29901</controlfield>
  <controlfield tag="008">210410s9999    xx            000 0 und d</controlfield>
  <datafield tag="082" ind1=" " ind2=" ">
   <subfield code="a">657.7</subfield>
  </datafield>
  <datafield tag="090" ind1=" " ind2=" ">
   <subfield code="b">V500</subfield>
  </datafield>
  <datafield tag="100" ind1=" " ind2=" ">
   <subfield code="a">Vũ, Thị Lý</subfield>
  </datafield>
  <datafield tag="245" ind1=" " ind2="0">
   <subfield code="a">Kế toán tài sản cố định tại Công ty Cổ phần Logistics U&amp;I</subfield>
  </datafield>
  <datafield tag="245" ind1=" " ind2="0">
   <subfield code="c">Vũ Thị Lý; Nguyễn Thanh Hùng (h.dẫn)</subfield>
  </datafield>
  <datafield tag="260" ind1=" " ind2=" ">
   <subfield code="a">Bình Dương</subfield>
  </datafield>
  <datafield tag="260" ind1=" " ind2=" ">
   <subfield code="c">2016</subfield>
  </datafield>
  <datafield tag="300" ind1=" " ind2=" ">
   <subfield code="a">61 tr + Phụ lục</subfield>
  </datafield>
  <datafield tag="520" ind1=" " ind2=" ">
   <subfield code="a">Chuyên ngành: Kế toán; Không ý kiến về việc sao chép tài liệu; TM tài liệu tham khảo sau phần kết luận; Khóa luận tốt nghiệp Đại học trường Đại học Thủ Dầu Một, 2012 - 2016; Khóa luận gồm: Cơ sở lý luận chung về tài sản cố định trong doanh nghiệp; thực trạng công tác kế toán tài sản cố định hữ hình tại tại Công ty Cổ phần Logistics U&amp;I; nhận xét, đánh giá và giải pháp  </subfield>
  </datafield>
  <datafield tag="650" ind1=" " ind2=" ">
   <subfield code="a">Khóa luận; Kế toán</subfield>
   <subfield code="x">Tài sản cố định</subfield>
  </datafield>
  <datafield tag="700" ind1=" " ind2=" ">
   <subfield code="a">Nguyễn, Thanh Hùng</subfield>
  </datafield>
  <datafield tag="856" ind1=" " ind2=" ">
   <subfield code="u">http://lrc.tdmu.edu.vn/opac/search/detail.asp?aID=2&amp;ID=29901</subfield>
  </datafield>
  <datafield tag="980" ind1=" " ind2=" ">
   <subfield code="a">Trung tâm Học liệu Trường Đại học Thủ Dầu Một</subfield>
  </datafield>
 </record>
</collection>
